Click Quick Rhymes II Quiz Stats

 Plays Quiz Updated Mar 25, 2015

Also try: Click Quick Rhymes
Challenge
Share
Tweet
Embed
Score 0/129 Timer 06:00
8 Plays Today
% Correct
Tart
95.7%
Fart
95.2%
Cart
94.9%
Lice
93.8%
Hart
92.8%
Dart
92.5%
Mart
91.8%
Ice
91.8%
Vice
91.6%
Trice
91.4%
Part
91.2%
Mice
91%
Thrice
89.4%
Nice
89.3%
Start
89%
Heart
88.5%
Spice
88.4%
Splice
87.8%
Dice
87.7%
Slice
87.6%
Twice
86.1%
Price
85.7%
Chart
83.3%
Wood
83.2%
Batch
83.1%
Latch
82.1%
Snatch
82%
Match
81.5%
Scratch
81.3%
Bull
81.2%
Thatch
80.8%
Smart
80.1%
Cratch
80%
Patch
79%
Hatch
78.5%
Barn
78%
Vise
77.9%
Could
76.7%
Would
76%
Carte
76%
Chance
74.5%
Pull
74%
Hood
73.8%
% Correct
Ratch
72.9%
Dud
72.9%
Prance
72.2%
Loin
72.2%
Cud
71.4%
Yarn
69.7%
Trance
69.6%
Glance
69.5%
Stance
68.4%
Should
67.9%
Stood
67.6%
Lance
67.5%
Bud
66.6%
Stud
65.6%
Scud
65.1%
Mud
64.8%
Join
63.8%
Thud
63.7%
Rudd
63.3%
Spud
62.1%
Blush
61.7%
Groin
61.2%
Quoin
58.9%
Slush
58.4%
Hush
58.3%
Mush
58.1%
Tarn
57.9%
Shush
55.9%
Thrush
55.6%
Brush
55.5%
Lush
54.9%
Gush
54%
Wool
53.3%
Crush
52.1%
Rush
51.7%
Plush
50.6%
Blood
50.1%
Gneiss
48.9%
Flood
43.4%
Bluff
42.6%
Moist
42.2%
Fluff
41.9%
Buff
41.5%
% Correct
Muff
41.3%
Ruff
40.9%
Guff
40.8%
Huff
40.6%
Luff
40.2%
Cuff
39.9%
Duff
39.9%
Gruff
39.8%
Chuff
39.5%
Stunned
39.2%
Snuff
39.1%
Sunned
38.6%
Stuff
38%
Scuff
37.8%
Scruff
37.8%
Joist
37.7%
Gunned
35.8%
Foist
35.5%
Shunned
34.5%
Camp
32%
Damp
31.9%
Champ
31.1%
Clamp
31%
Cramp
31%
Amp
30.3%
Scamp
30.1%
Tough
30%
Tramp
29.8%
Rough
29.7%
Tamp
29.4%
Stamp
29.2%
Voiced
28.9%
Vamp
28.9%
Ramp
28.8%
Boil
27.1%
Oil
26.9%
Broil
26.6%
Coil
26.1%
Toil
26.1%
Soil
25.4%
Slough
24.7%
Roil
24.2%
Spoil
22.8%

You're not logged in!

Compare scores with friends on all Sporcle quizzes.
Join for Free
OR
Log In

You Might Also Like...

Show Comments

Extras

Top Quizzes Today


Score Distribution

Your Account Isn't Verified!

In order to create a playlist on Sporcle, you need to verify the email address you used during registration. Go to your Sporcle Settings to finish the process.

Report this User

Report this user for behavior that violates our Community Guidelines.

Details: